00461nam a22001697a 450000500170000000800410001702000180005802200150007604100120009108200120010310000120011524500560012725000190018326000330020230000310023565000250026620240923142945.0240923b |||||||| |||| 00| 0 eng d a9780409117592 a0409004480 aEnglish a349 JOU lEnglish aThe Law of South Africa / cWA Joubert and JA Faris aSecond Edition aDurban: bLexisNexis, c2010 bviii, 628 pages; c26 cm.  aLegal practice bLaw